AS Roma - Captains - Statistics

General Stats
  • This quiz has been taken 93 times
  • The average score is 10 of 26
Answer Stats
Seasons Nationality Captain % Correct
1998-17 Italy Francesco Totti
100%
2020-21 Bosnia Edin Dzeko
95%
2021- Italy Lorenzo Pellegrini
91%
2017-19 Italy Daniele De Rossi
89%
2019-20 Italy Alessandro Florenzi
75%
1998 Brazil Aldair
70%
1984-85 Italy Bruno Conti
68%
1987-96 Italy Giuseppe Giannini
55%
1980-84 Italy Agostino Di Bartolomei
54%
1997-98 Argentina Abel Balbo
46%
1985-87 Italy Carlo Ancelotti
28%
1927-34 Italy Attilio Ferraris IV
25%
1943-48 Italy Amedeo Amadei
22%
1959-68 Italy Giacomo Losi
20%
1934-39 Italy Fulvio Bernardini
18%
1939-43 Italy Guido Masetti
17%
1957-58 Uruguay Alcides Ghiggia
14%
1968-70 Spain Joaquin Peiro
13%
1996-97 Italy Amedeo Carboni
12%
1976-80 Italy Sergio Santarini
12%
1970-72 Spain Luis del Sol
11%
1972-76 Italy Franco Cordova
8%
1950-53 Italy Armando Tre Re
3%
1948-50 Italy Sergio Andreoli
3%
1953-57 Italy Arcadio Venturi
1%
1958-59 Italy Egidio Guarnacci
1%
No matching quizzes found
Score Distribution
Percent of People with Each Score
Percentile by Number Answered
Your Score History
You have not taken this quiz